MARC

LEADER 00000nam0a2200000 4500
001 342291
005 20241211120809.0
035 |a (RuTPU)RU\TPU\book\371004 
090 |a 342291 
100 |a 20190123d2018 k y0rusy50 ca 
101 0 |a rus 
102 |a RU 
105 |a a dm 001zy 
200 1 |a Исследование процессов термического окисления и зажигания твердых топлив  |e автореферат диссертации на соискание ученой степени кандидата физико-математических наук  |e спец. 01.04.17  |f К. В. Слюсарский  |g Национальный исследовательский Томский политехнический университет (ТПУ) ; науч. рук. А. Г. Коротких 
210 |a Томск  |c [Б. и.]  |d 2018 
215 |a 25 с.  |c ил. 
300 |a Защита сост. 27.12.2018 г. 
320 |a Библиогр.: с. 23-25 (17 назв.) 
452 1 |0 (RuTPU)RU\TPU\book\370146  |t Исследование процессов термического окисления и зажигания твердых топлив  |o автореферат диссертации на соискание учёной степени кандидата физико-математических наук  |o спец. 01.04.17  |f К. В. Слюсарский  |g Национальный исследовательский Томский политехнический университет ; науч. рук. А. Г. Коротких  |c Томск  |d 2018  |a Слюсарский, Константин Витальевич 
606 1 |a Топливо твердое  |x Горение  |x Физико-химические процессы  |2 stltpush  |3 (RuTPU)RU\TPU\subj\60969  |9 78186 
610 1 |a зажигание 
610 1 |a термическое окисление 
610 1 |a исследование 
610 1 |a методы 
610 1 |a математические модели 
610 1 |a энергетическое топливо 
610 1 |a исследуемые образцы 
610 1 |a термический анализ 
610 1 |a лазерное зажигание 
610 1 |a кинетические параметры 
610 1 |a расчет 
610 1 |a авторефераты диссертаций 
610 1 |a труды учёных ТПУ 
675 |a 662.612.3(04)  |v 4 
686 |a 01.04.17  |2 oksvnk 
700 1 |a Слюсарский  |b К. В.  |g Константин Витальевич  |f 1990-  |c специалист в области теплоэнергетики  |c доцент Томского политехнического университета, кандидат физико-математических наук  |y Томск  |3 (RuTPU)RU\TPU\pers\32950  |9 16798 
702 1 |a Коротких  |b А. Г.  |c специалист в области энергетики  |c доцент Томского политехнического университета, кандидат физико-математических наук  |f 1976-  |g Александр Геннадьевич  |3 (RuTPU)RU\TPU\pers\25614  |4 727 
712 0 2 |a Национальный исследовательский Томский политехнический университет (ТПУ)  |c (2009- )  |3 (RuTPU)RU\TPU\col\15902 
801 1 |a RU  |b 63413507  |c 20190123 
801 2 |a RU  |b 63413507  |c 20190211  |g RCR 
942 |c BK